[Event "43. Olimpiada Batumi 2018 Femenina"]
[Site "Batumi GEO"]
[Date "2018.09.24"]
[Round "1.2"]
[White "Shabanaj, Alda"]
[Black "Guichard, Pauline"]
[Result "0-1"]
[WhiteElo "1853"]
[BlackElo "2390"]
[PlyCount "76"]
[EventDate "2018.09.24"]
[EventType "team-swiss"]
[EventRounds "11"]
[EventCountry "GEO"]
[SourceTitle "Ajedrez en Madrid"]
[Source "lmi"]
[SourceDate "2018.09.24"]
[WhiteTeam "Albania"]
[BlackTeam "France"]
[WhiteTeamCountry "ALB"]
[BlackTeamCountry "FRA"]

1. d4 d6 2. c4 g6 3. Nc3 Bg7 4. e4 e5 5. dxe5 dxe5 6. Qxd8+ Kxd8 7. Bg5+ f6 8.
Be3 Be6 9. O-O-O+ Nd7 10. g3 Bh6 11. f4 Ne7 12. Nd5 Bxd5 13. cxd5 Nc8 14. Ne2
Nd6 15. Nc3 Re8 16. Bd3 b5 17. Rhe1 a6 18. fxe5 Bxe3+ 19. Rxe3 fxe5 20. Rf1 Ke7
21. a3 Nc5 22. Bc2 a5 23. Kb1 Rf8 24. Ref3 Rxf3 25. Rxf3 b4 26. Ne2 Rb8 27.
axb4 axb4 28. g4 b3 29. Bd3 Ndxe4 30. Bxe4 Nxe4 31. Re3 Rb4 32. Nc3 Nxc3+ 33.
bxc3 Rxg4 34. Rxe5+ Kd6 35. Re2 Kxd5 36. Kb2 Kc4 37. Re7 Rg2+ 38. Kb1 c5 0-1

[Event "43. Olimpiada Batumi 2018 Femenina"]
[Site "Batumi GEO"]
[Date "2018.09.24"]
[Round "1.3"]
[White "Milliet, Sophie"]
[Black "Gjergji, Rozana"]
[Result "0-1"]
[WhiteElo "2389"]
[BlackElo "1924"]
[PlyCount "212"]
[EventDate "2018.09.24"]
[EventType "team-swiss"]
[EventRounds "11"]
[EventCountry "GEO"]
[SourceTitle "Ajedrez en Madrid"]
[Source "lmi"]
[SourceDate "2018.09.24"]
[WhiteTeam "France"]
[BlackTeam "Albania"]
[WhiteTeamCountry "FRA"]
[BlackTeamCountry "ALB"]

1. e4 e5 2. Nf3 Nc6 3. Bb5 a6 4. Ba4 Nf6 5. O-O Be7 6. Re1 b5 7. Bb3 d6 8. c3
Bg4 9. h3 Bh5 10. d3 Na5 11. Bc2 c5 12. Nbd2 O-O 13. Nf1 Nd7 14. g4 Bg6 15. Be3
Nc6 16. Ng3 Nb6 17. a4 d5 18. axb5 axb5 19. Rxa8 Qxa8 20. h4 f6 21. h5 Bf7 22.
Nf5 d4 23. cxd4 cxd4 24. Bd2 Qa2 25. h6 g5 26. Qc1 Rc8 27. Bxg5 fxg5 28. Nxe7+
Nxe7 29. Qxg5+ Kf8 30. Bb1 Qe6 31. Nxe5 Rc5 32. f4 Ke8 33. Qg7 Ng6 34. Qxf7+
Qxf7 35. Nxf7 Kxf7 36. Kh2 Na4 37. Re2 Rc1 38. Bc2 Ke7 39. f5 Ne5 40. g5 Nf3+
41. Kg3 Nxg5 42. Kf4 Nf7 43. e5 Nc5 44. b4 Rf1+ 45. Kg3 Na6 46. f6+ Ke8 47. Bb3
Nxb4 48. Bxf7+ Kxf7 49. e6+ Ke8 50. Rb2 Nxd3 51. Rxb5 Rxf6 52. Rb8+ Ke7 53.
Rb7+ Kxe6 54. Rxh7 Ne5 55. Rb7 d3 56. h7 Rf8 57. Rb6+ Kd7 58. Rb4 Kc6 59. Rd4
Kc5 60. Re4 d2 61. Rxe5+ Kd6 62. Rf5 d1=Q 63. Rxf8 Qg1+ 64. Kh4 Qh2+ 65. Kg4
Qxh7 66. Rf5 Ke6 67. Rf2 Qe4+ 68. Kg3 Ke5 69. Rf8 Qe1+ 70. Kg2 Kd4 71. Rd8+ Kc5
72. Rc8+ Kd6 73. Rf8 Qe4+ 74. Kg3 Qe3+ 75. Kg2 Kd5 76. Rd8+ Kc4 77. Rf8 Qe2+
78. Kg3 Qe5+ 79. Rf4+ Kd3 80. Kg4 Ke3 81. Rf3+ Ke2 82. Rf5 Qg7+ 83. Kf4 Qd4+
84. Kg5 Ke3 85. Rf7 Qd8+ 86. Kf5 Qd5+ 87. Kg6 Ke4 88. Rf1 Qe6+ 89. Kg7 Qg4+ 90.
Kf7 Ke5 91. Re1+ Kd6 92. Re8 Qh5+ 93. Kf8 Qh7 94. Re1 Qf5+ 95. Ke8 Qh5+ 96. Kf8
Kd7 97. Re7+ Kd6 98. Re1 Kd7 99. Re7+ Kd8 100. Rg7 Qc5+ 101. Kg8 Ke8 102. Kh7
Qh5+ 103. Kg8 Qd5+ 104. Kh7 Kf8 105. Rg6 Qh5+ 106. Rh6 Qf7+ 0-1

[Event "43. Olimpiada Batumi 2018 Femenina"]
[Site "Batumi GEO"]
[Date "2018.09.24"]
[Round "1.4"]
[White "Tuzi, Bruna"]
[Black "Haussernot, Cecile"]
[Result "0-1"]
[WhiteElo "1813"]
[BlackElo "2237"]
[PlyCount "38"]
[EventDate "2018.09.24"]
[EventType "team-swiss"]
[EventRounds "11"]
[EventCountry "GEO"]
[SourceTitle "Ajedrez en Madrid"]
[Source "lmi"]
[SourceDate "2018.09.24"]
[WhiteTeam "Albania"]
[BlackTeam "France"]
[WhiteTeamCountry "ALB"]
[BlackTeamCountry "FRA"]

1. e4 c5 2. Nf3 d6 3. c3 Nf6 4. Bd3 Nc6 5. Bc2 Bg4 6. d3 e6 7. Be3 Be7 8. O-O
O-O 9. Nbd2 d5 10. Re1 d4 11. Bf4 Nh5 12. Bg3 Nxg3 13. fxg3 dxc3 14. bxc3 Bf6
15. Rb1 Bxc3 16. Rxb7 Ne5 17. Qe2 Bxd2 18. Qxd2 Bxf3 19. Qf4 Qd4+ 0-1

[Event "43. Olimpiada Batumi 2018 Femenina"]
[Site "Batumi GEO"]
[Date "2018.09.24"]
[Round "1.1"]
[White "Mencos Castillo, Maria"]
[Black "Zawadzka, Jolanta"]
[Result "0-1"]
[WhiteElo "1888"]
[BlackElo "2424"]
[PlyCount "70"]
[EventDate "2018.09.24"]
[EventType "team-swiss"]
[EventRounds "11"]
[EventCountry "GEO"]
[SourceTitle "Ajedrez en Madrid"]
[Source "lmi"]
[SourceDate "2018.09.24"]
[WhiteTeam "Guatemala"]
[BlackTeam "Poland"]
[WhiteTeamCountry "GUA"]
[BlackTeamCountry "POL"]

1. e4 c5 2. Nc3 Nc6 3. g3 g6 4. Bg2 Bg7 5. d3 d6 6. Be3 e5 7. Qd2 Nge7 8. Bh6
Bxh6 9. Qxh6 Nd4 10. Qd2 Be6 11. Nce2 d5 12. Nxd4 cxd4 13. Nf3 dxe4 14. dxe4 f6
15. O-O Rc8 16. Rfc1 O-O 17. Qb4 b6 18. c3 Rc4 19. Qb3 Bf7 20. Qa3 Qc7 21. Nd2
Rc6 22. Rc2 dxc3 23. Rxc3 Rxc3 24. bxc3 Rd8 25. Qb2 Nc6 26. Bf1 Na5 27. Rc1 Kg7
28. Nb3 Nc4 29. Qe2 Qc6 30. Bg2 a5 31. Rc2 a4 32. Nc1 Qd6 33. Bf1 Na3 34. Rb2
Bc4 35. Qe1 Qd1 0-1

[Event "43. Olimpiada Batumi 2018 Femenina"]
[Site "Batumi GEO"]
[Date "2018.09.24"]
[Round "1.2"]
[White "Szczepkowska, Karina"]
[Black "Cruz Lima, Kimberly Esmeralda"]
[Result "1-0"]
[WhiteElo "2407"]
[BlackElo "1626"]
[PlyCount "55"]
[EventDate "2018.09.24"]
[EventType "team-swiss"]
[EventRounds "11"]
[EventCountry "GEO"]
[SourceTitle "Ajedrez en Madrid"]
[Source "lmi"]
[SourceDate "2018.09.24"]
[WhiteTeam "Poland"]
[BlackTeam "Guatemala"]
[WhiteTeamCountry "POL"]
[BlackTeamCountry "GUA"]

1. d4 Nf6 2. c4 e6 3. Nf3 d5 4. Nc3 Be7 5. Bf4 a6 6. e3 c6 7. Bd3 Bd6 8. Ne5 c5
9. O-O O-O 10. Rc1 cxd4 11. exd4 dxc4 12. Bxc4 b5 13. Bb3 Bb7 14. Qe2 Nc6 15.
Rfd1 Ne7 16. Bg5 Ng6 17. h3 Be7 18. a3 Nd5 19. Bxd5 exd5 20. Nxg6 Bxg5 21. Nxf8
Bxc1 22. Ne6 Qb6 23. Nxg7 Bxb2 24. Nf5 Qf6 25. Ne7+ Kh8 26. Ncxd5 Qg5 27. h4
Qxh4 28. Qe5+ 1-0

[Event "43. Olimpiada Batumi 2018 Femenina"]
[Site "Batumi GEO"]
[Date "2018.09.24"]
[Round "1.3"]
[White "Mencos, Claudia"]
[Black "Kulon, Klaudia"]
[Result "0-1"]
[WhiteElo "1996"]
[BlackElo "2347"]
[PlyCount "76"]
[EventDate "2018.09.24"]
[EventType "team-swiss"]
[EventRounds "11"]
[EventCountry "GEO"]
[SourceTitle "Ajedrez en Madrid"]
[Source "lmi"]
[SourceDate "2018.09.24"]
[WhiteTeam "Guatemala"]
[BlackTeam "Poland"]
[WhiteTeamCountry "GUA"]
[BlackTeamCountry "POL"]

1. e4 c5 2. Nf3 d6 3. d4 cxd4 4. Nxd4 Nf6 5. Nc3 Nc6 6. Be2 e5 7. Nb3 Be7 8.
O-O O-O 9. f4 a5 10. Be3 a4 11. Nc1 exf4 12. Rxf4 Ne5 13. Kh1 Bd7 14. Nd3 Bc6
15. Nb4 Ng6 16. Nxc6 bxc6 17. Rf5 Qd7 18. Rf1 Qe6 19. Qd4 a3 20. b3 Ne5 21.
Rad1 Rfd8 22. Bf4 Rac8 23. Ba6 Rb8 24. Be2 Ne8 25. Nb1 Ra8 26. c4 Ng6 27. Bc1
d5 28. cxd5 cxd5 29. Bf3 Qc8 30. exd5 Qc2 31. Be4 Qxa2 32. d6 Rxd6 33. Qc4 Rxd1
34. Qxf7+ Kh8 35. Rxd1 Nd6 36. Bxg6 Nxf7 37. Nxa3 Bxa3 38. Bxa3 hxg6 0-1

[Event "43. Olimpiada Batumi 2018 Femenina"]
[Site "Batumi GEO"]
[Date "2018.09.24"]
[Round "1.4"]
[White "Warakomska, Anna"]
[Black "Mazariegos, Silvia Carolina"]
[Result "0-1"]
[WhiteElo "2305"]
[BlackElo "1922"]
[PlyCount "90"]
[EventDate "2018.09.24"]
[EventType "team-swiss"]
[EventRounds "11"]
[EventCountry "GEO"]
[SourceTitle "Ajedrez en Madrid"]
[Source "lmi"]
[SourceDate "2018.09.24"]
[WhiteTeam "Poland"]
[BlackTeam "Guatemala"]
[WhiteTeamCountry "POL"]
[BlackTeamCountry "GUA"]

1. e4 e5 2. Nf3 Qe7 3. Nc3 c6 4. d4 d6 5. Bg5 Nf6 6. dxe5 dxe5 7. Qd2 Bg4 8.
Be2 h6 9. Be3 Nbd7 10. O-O-O Qb4 11. a3 Qa5 12. Kb1 Be6 13. Nd5 Qd8 14. Nxf6+
Qxf6 15. Qc3 Be7 16. h3 Bd8 17. g4 Qe7 18. g5 h5 19. Nh4 Bc7 20. Nf5 Qf8 21.
Ba6 bxa6 22. Qxc6 Rc8 23. Nd6+ Bxd6 24. Qxc8+ Ke7 25. Qxa6 Qb8 26. Rd2 Nc5 27.
Bxc5 Bxc5 28. Rhd1 Qc7 29. Rd3 Bxf2 30. Rc3 Qb6 31. Qxb6 Bxb6 32. b4 h4 33. a4
Rc8 34. Rxc8 Bxc8 35. c4 Bf2 36. c5 Bxh3 37. c6 Bg2 38. Rd7+ Ke6 39. Rd2 Bxe4+
40. Ka2 Bb6 41. a5 Bd4 42. b5 h3 43. Kb3 Kd6 44. Kb4 Kc7 45. Kc4 Bg2 0-1

[Event "43. Olimpiada Batumi 2018 Femenina"]
[Site "Batumi GEO"]
[Date "2018.09.24"]
[Round "1.1"]
[White "Abdumalik, Zhansaya"]
[Black "Liu, Yang Hazel"]
[Result "1-0"]
[WhiteElo "2482"]
[BlackElo "2064"]
[PlyCount "165"]
[EventDate "2018.09.24"]
[EventType "team-swiss"]
[EventRounds "11"]
[EventCountry "GEO"]
[SourceTitle "Ajedrez en Madrid"]
[Source "lmi"]
[SourceDate "2018.09.24"]
[WhiteTeam "Kazakhstan"]
[BlackTeam "Singapore"]
[WhiteTeamCountry "KAZ"]
[BlackTeamCountry "SIN"]

1. e4 c5 2. Nf3 Nc6 3. d4 cxd4 4. Nxd4 Nf6 5. Nc3 e5 6. Ndb5 d6 7. Bg5 a6 8.
Na3 b5 9. Nd5 Be7 10. Bxf6 Bxf6 11. c4 b4 12. Nc2 O-O 13. g3 Bg5 14. Bg2 Qa5
15. O-O Qc5 16. Kh1 Be6 17. f4 Bh6 18. b3 a5 19. Nc7 Rac8 20. Nb5 Rcd8 21. Qd3
Na7 22. f5 Bc8 23. Nxa7 Qxa7 24. a3 Qc5 25. axb4 axb4 26. Rfd1 Bb7 27. Ra4 Bc6
28. Ra6 Bg5 29. h4 Be7 30. Qd2 Rb8 31. Kh2 Rfd8 32. Rda1 h6 33. Qe1 Ra8 34.
Nxb4 Rxa6 35. Rxa6 Bb7 36. Ra2 Rb8 37. Qc3 Bc8 38. Nd5 Bd8 39. b4 Qc6 40. Ra7
Bb7 41. Bf1 Qc8 42. Qd2 Ra8 43. Rxa8 Qxa8 44. Nc3 Be7 45. Bg2 Bc6 46. Qb2 Qa7
47. Nd1 Bd8 48. Qd2 Qb8 49. Ne3 Bb6 50. b5 Bb7 51. f6 g6 52. h5 Qf8 53. Ng4 Kh7
54. hxg6+ Kxg6 55. Ne3 Kxf6 56. Nf5 Bc5 57. Qxh6+ Qxh6+ 58. Nxh6 Kg7 59. Nf5+
Kf6 60. Nh4 Bc8 61. Bh3 Bb7 62. Bf5 Ke7 63. Nf3 Be3 64. Kg2 Kd8 65. Kf1 Kc7 66.
Ke2 Bh6 67. c5 dxc5 68. Nxe5 f6 69. Nc4 Bg5 70. Kd3 Ba8 71. Be6 Bb7 72. b6+ Kb8
73. Nd6 Ba6+ 74. Bc4 Bxc4+ 75. Kxc4 Be3 76. Kb5 Bd4 77. g4 Be3 78. Kc6 Bd4 79.
Nc4 Bf2 80. e5 fxe5 81. Nxe5 Bg3 82. Nd7+ Kc8 83. Nxc5 1-0

[Event "43. Olimpiada Batumi 2018 Femenina"]
[Site "Batumi GEO"]
[Date "2018.09.24"]
[Round "1.2"]
[White "Hng, Mei-En Emmanuelle"]
[Black "Nakhbayeva, Guliskhan"]
[Result "1/2-1/2"]
[WhiteElo "2020"]
[BlackElo "2394"]
[PlyCount "131"]
[EventDate "2018.09.24"]
[EventType "team-swiss"]
[EventRounds "11"]
[EventCountry "GEO"]
[SourceTitle "Ajedrez en Madrid"]
[Source "lmi"]
[SourceDate "2018.09.24"]
[WhiteTeam "Singapore"]
[BlackTeam "Kazakhstan"]
[WhiteTeamCountry "SIN"]
[BlackTeamCountry "KAZ"]

1. e4 c5 2. d4 cxd4 3. c3 Nf6 4. e5 Nd5 5. Qxd4 e6 6. Nf3 Nc6 7. Qe4 f5 8. exf6
Nxf6 9. Qh4 d5 10. Bd3 Bd6 11. Bg6+ Ke7 12. Bc2 h6 13. Bg6 Bd7 14. Na3 Be8 15.
Bxe8 Rxe8 16. O-O Kf7 17. Nb5 Bb8 18. c4 Ne7 19. cxd5 exd5 20. Bd2 Qd7 21. Qb4
Ne4 22. Rad1 a5 23. Qa4 Nc5 24. Qd4 Qxb5 25. Bc3 Ne6 26. Qg4 d4 27. Qxe6+ Kf8
28. Nxd4 Qh5 29. h3 Ra6 30. Qg4 Qxg4 31. hxg4 Rg6 32. Bxa5 Rxg4 33. Bc3 Nd5 34.
Ne6+ Rxe6 35. Rxd5 Ba7 36. Rfd1 Kg8 37. Bd4 Bxd4 38. R5xd4 Rg5 39. Rd5 Rg4 40.
R5d4 Rg5 41. Rd5 Rg4 42. f3 Rc4 43. R1d2 Rh4 44. Rb5 b6 45. b3 h5 46. Kf2 Rh1
47. Re2 Rg6 48. Rbe5 Rd6 49. Re6 Rhd1 50. Rxd6 Rxd6 51. Ke3 Kf7 52. Rd2 Rc6 53.
Kd3 Kf6 54. Re2 Kf5 55. g4+ hxg4 56. fxg4+ Kf4 57. Re4+ Kf3 58. Rb4 g5 59. a4
Rf6 60. Rd4 Rc6 61. Rc4 Rd6+ 62. Kc3 Rd1 63. Kb4 Rd5 64. Kc3 Rd1 65. Kb4 Rd5
66. Kc3 1/2-1/2

[Event "43. Olimpiada Batumi 2018 Femenina"]
[Site "Batumi GEO"]
[Date "2018.09.24"]
[Round "1.3"]
[White "Dauletova, Gulmira"]
[Black "Siew, Kai Xin"]
[Result "1-0"]
[WhiteElo "2263"]
[BlackElo "1751"]
[PlyCount "117"]
[EventDate "2018.09.24"]
[EventType "team-swiss"]
[EventRounds "11"]
[EventCountry "GEO"]
[SourceTitle "Ajedrez en Madrid"]
[Source "lmi"]
[SourceDate "2018.09.24"]
[WhiteTeam "Kazakhstan"]
[BlackTeam "Singapore"]
[WhiteTeamCountry "KAZ"]
[BlackTeamCountry "SIN"]

1. e4 c5 2. Nf3 Nc6 3. d4 cxd4 4. Nxd4 g6 5. c4 Bg7 6. Be3 d6 7. Nc3 Nf6 8. Be2
O-O 9. O-O Bd7 10. Qd2 Nxd4 11. Bxd4 Bc6 12. f3 a5 13. b3 Nd7 14. Be3 Nc5 15.
Rab1 Qb6 16. Rfc1 Rfc8 17. Rc2 Qb4 18. Qc1 Qb6 19. a3 Qd8 20. Bf1 Qf8 21. Nd5
Bxd5 22. exd5 b6 23. Qe1 Re8 24. Qf2 Bh6 25. f4 Reb8 26. g3 f5 27. Bg2 Bg7 28.
h3 Ra7 29. Kh2 Rc7 30. b4 axb4 31. axb4 Nd7 32. Bf1 Rcb7 33. Ra2 Ra8 34. Rb3
Rxa2 35. Qxa2 Qb8 36. Ra3 Qc7 37. Bd3 Kf7 38. Bf2 Bf6 39. Be3 Bg7 40. g4 fxg4
41. hxg4 Qc8 42. Ra8 Qc7 43. Kg3 Nf8 44. g5 Qd7 45. Be4 Qc7 46. Bf3 Rb8 47.
Rxb8 Qxb8 48. Qa6 Nd7 49. Bg4 Qc7 50. Be6+ Kf8 51. Qb5 Nb8 52. Bxb6 Qb7 53. c5
Bd4 54. Qc4 dxc5 55. bxc5 Bg7 56. Qa2 Na6 57. Qa4 h6 58. Qc2 hxg5 59. Qxg6 1-0

[Event "43. Olimpiada Batumi 2018 Femenina"]
[Site "Batumi GEO"]
[Date "2018.09.24"]
[Round "1.4"]
[White "Hng, Mei-Xian Eunice"]
[Black "Serikbay, Assel"]
[Result "0-1"]
[WhiteElo "1687"]
[BlackElo "2125"]
[PlyCount "80"]
[EventDate "2018.09.24"]
[EventType "team-swiss"]
[EventRounds "11"]
[EventCountry "GEO"]
[SourceTitle "Ajedrez en Madrid"]
[Source "lmi"]
[SourceDate "2018.09.24"]
[WhiteTeam "Singapore"]
[BlackTeam "Kazakhstan"]
[WhiteTeamCountry "SIN"]
[BlackTeamCountry "KAZ"]

1. e4 c5 2. d4 cxd4 3. c3 Nf6 4. e5 Nd5 5. Qxd4 e6 6. Nf3 Nc6 7. Qe4 f5 8. exf6
Nxf6 9. Qh4 d5 10. Bd3 Bd6 11. Bg6+ Ke7 12. Bc2 h6 13. Bg6 Bd7 14. Na3 a6 15.
c4 Be8 16. Bxe8 Rxe8 17. O-O d4 18. Re1 Kf7 19. Bxh6 gxh6 20. Qxh6 Rg8 21. Ng5+
Rxg5 22. Qxg5 Qh8 23. g3 Rg8 24. Qd2 Qh3 25. f4 Bb4 26. Qg2 Qxg2+ 27. Kxg2 Bxe1
28. Rxe1 Nb4 29. Rd1 d3 30. Kf3 e5 31. fxe5 Ng4 32. Kf4 Ke6 33. Nb1 Nxe5 34. b3
Nc2 35. h3 Rf8+ 36. Ke4 Rd8 37. Kf4 Rd4+ 38. Kg5 Ne3 39. Rh1 Nf3+ 40. Kh5 d2
0-1

[Event "43. Olimpiada Batumi 2018 Femenina"]
[Site "Batumi GEO"]
[Date "2018.09.24"]
[Round "1.1"]
[White "Zatonskih, Anna"]
[Black "de Leon, Patricia"]
[Result "1-0"]
[WhiteElo "2431"]
[BlackElo "1929"]
[PlyCount "119"]
[EventDate "2018.09.24"]
[EventType "team-swiss"]
[EventRounds "11"]
[EventCountry "GEO"]
[SourceTitle "Ajedrez en Madrid"]
[Source "lmi"]
[SourceDate "2018.09.24"]
[WhiteTeam "United States of America"]
[BlackTeam "Uruguay"]
[BlackTeamCountry "URU"]

1. e4 e6 2. d4 d5 3. Nd2 dxe4 4. Nxe4 Nd7 5. Bd3 Ngf6 6. Qe2 c5 7. Nxf6+ Nxf6
8. dxc5 Bxc5 9. Nf3 O-O 10. O-O b6 11. Bg5 Bb7 12. Rad1 Qc7 13. Bxf6 gxf6 14.
Be4 Rfd8 15. Bxb7 Qxb7 16. Rfe1 b5 17. Nd2 f5 18. Nb3 Bb6 19. c3 Rac8 20. Qe5
a5 21. Qf6 Qa7 22. Nd4 Bxd4 23. cxd4 Rd5 24. Rd3 f4 25. Qxf4 Qe7 26. h3 Kh8 27.
Re5 Rcd8 28. Rg3 Rxd4 29. Qh6 Rd1+ 30. Kh2 f6 31. Rxe6 Qf8 32. Qxf6+ Qxf6 33.
Rxf6 R1d2 34. Rb3 R8d5 35. g4 Kg7 36. Rff3 Rc5 37. Kg3 Kg6 38. Rfd3 Re2 39. Re3
Rd2 40. Red3 Re2 41. Rd7 a4 42. Rb4 a3 43. bxa3 Rxa2 44. Rb3 Rcc2 45. Rf3 Rc5
46. Rb7 h5 47. Rb6+ Kg7 48. Rd3 Re2 49. Rd7+ Kf8 50. f3 Re7 51. Rdb7 Ree5 52.
Rf6+ Kg8 53. Ra6 Kf8 54. f4 Re8 55. Kh4 hxg4 56. hxg4 Re7 57. Rxe7 Kxe7 58. f5
Kf7 59. Kg5 Rc7 60. Rb6 1-0

[Event "43. Olimpiada Batumi 2018 Femenina"]
[Site "Batumi GEO"]
[Date "2018.09.24"]
[Round "1.2"]
[White "Silva Rosas, Natalia"]
[Black "Abrahamyan, Tatev"]
[Result "0-1"]
[WhiteElo "1833"]
[BlackElo "2361"]
[PlyCount "86"]
[EventDate "2018.09.24"]
[EventType "team-swiss"]
[EventRounds "11"]
[EventCountry "GEO"]
[SourceTitle "Ajedrez en Madrid"]
[Source "lmi"]
[SourceDate "2018.09.24"]
[WhiteTeam "Uruguay"]
[BlackTeam "United States of America"]
[WhiteTeamCountry "URU"]

1. e4 e6 2. d4 d5 3. Nc3 Bb4 4. exd5 exd5 5. Bd3 Nf6 6. a3 Be7 7. Bg5 Nc6 8.
Nge2 Be6 9. O-O Qd7 10. Bf4 Bd6 11. Qd2 a6 12. b4 Bxf4 13. Qxf4 Ne7 14. Rfe1
O-O 15. Ng3 Rfe8 16. Qg5 h6 17. Qf4 Ng6 18. Bxg6 fxg6 19. Re5 Qc6 20. Qd2 Nd7
21. Re2 Nb6 22. Qd3 Bf7 23. Rae1 Nc4 24. Rxe8+ Rxe8 25. Rxe8+ Qxe8 26. Nce2 Qa4
27. Nf4 Qxa3 28. Qxa3 Nxa3 29. c3 b6 30. Kf1 g5 31. Nd3 Nb1 32. Ne2 Be8 33. Ke1
Bb5 34. Ndc1 a5 35. Na2 Bc4 36. Nec1 a4 37. g4 Kf7 38. f3 Ke6 39. Kf2 Kd6 40.
Ke3 Kc6 41. f4 Kb5 42. f5 Bxa2 43. Nxa2 Kc4 0-1

[Event "43. Olimpiada Batumi 2018 Femenina"]
[Site "Batumi GEO"]
[Date "2018.09.24"]
[Round "1.3"]
[White "Foisor, Sabina-Francesca"]
[Black "Quevedo, Andreina"]
[Result "0-1"]
[WhiteElo "2311"]
[BlackElo "1809"]
[PlyCount "88"]
[EventDate "2018.09.24"]
[EventType "team-swiss"]
[EventRounds "11"]
[EventCountry "GEO"]
[SourceTitle "Ajedrez en Madrid"]
[Source "lmi"]
[SourceDate "2018.09.24"]
[WhiteTeam "United States of America"]
[BlackTeam "Uruguay"]
[BlackTeamCountry "URU"]

1. d4 Nf6 2. Nf3 g6 3. c4 Bg7 4. Nc3 O-O 5. g3 d6 6. Bg2 Nbd7 7. O-O e5 8. Qc2
a5 9. Rd1 exd4 10. Nxd4 Nc5 11. b3 Ne6 12. Ndb5 Ne8 13. Be3 c6 14. Na3 Qe7 15.
Rac1 N8c7 16. Nab1 f5 17. Qd3 Ne8 18. Na4 f4 19. Bd2 fxg3 20. hxg3 Nd4 21. Nbc3
Bf5 22. Qe3 Ne6 23. Be1 Nf6 24. Qd2 Rad8 25. e4 Bg4 26. f3 Bh5 27. Ne2 g5 28.
g4 Bg6 29. Bg3 Ne8 30. Qxa5 h5 31. e5 hxg4 32. fxg4 Nf4 33. Nxf4 gxf4 34. exd6
Nxd6 35. Bf2 f3 36. Bh3 Ne4 37. Qe1 Qg5 38. Qe3 Nxf2 39. Qxf2 Bd4 40. Rxd4
Qxc1+ 41. Kh2 Rxd4 42. Qxd4 f2 43. Kg3 Qg1+ 44. Kh4 f1=Q 0-1

[Event "43. Olimpiada Batumi 2018 Femenina"]
[Site "Batumi GEO"]
[Date "2018.09.24"]
[Round "1.4"]
[White "Malan, Lucia"]
[Black "Yu, Jennifer"]
[Result "0-1"]
[WhiteElo "1785"]
[BlackElo "2268"]
[PlyCount "138"]
[EventDate "2018.09.24"]
[EventType "team-swiss"]
[EventRounds "11"]
[EventCountry "GEO"]
[SourceTitle "Ajedrez en Madrid"]
[Source "lmi"]
[SourceDate "2018.09.24"]
[WhiteTeam "Uruguay"]
[BlackTeam "United States of America"]
[WhiteTeamCountry "URU"]

1. e4 c5 2. Nf3 d6 3. d4 cxd4 4. Nxd4 Nf6 5. Nc3 a6 6. Be2 e5 7. Nb3 Be7 8. O-O
O-O 9. Be3 Be6 10. f4 exf4 11. Bxf4 Nc6 12. Kh1 d5 13. exd5 Nxd5 14. Nxd5 Bxd5
15. Bf3 Bxf3 16. Qxf3 Bf6 17. c3 Re8 18. Rad1 Qe7 19. Bg3 Qe2 20. Qxe2 Rxe2 21.
Rf2 Rae8 22. Rxe2 Rxe2 23. Re1 Rxe1+ 24. Bxe1 Ne5 25. Nc5 b6 26. Ne4 Nd3 27.
Nxf6+ gxf6 28. Bh4 Kg7 29. b4 b5 30. h3 Nc1 31. a3 Nd3 32. Kg1 Kg6 33. Kf1 Kf5
34. Ke2 Nb2 35. Kf3 Nc4 36. g4+ Ke6 37. Ke4 Nxa3 38. Kd4 Nc4 39. Ke4 Nd2+ 40.
Ke3 Nc4+ 41. Ke4 Nd6+ 42. Kf4 f5 43. Be1 fxg4 44. hxg4 h6 45. Bf2 Ne8 46. Ke4
Nf6+ 47. Kf3 h5 48. g5 Nd5 49. Kg3 Nxc3 50. Kh4 Nd5 51. Be1 Nf4 52. Bd2 Kf5 53.
Bc1 Ne2 54. Bd2 Kg6 55. Be3 Nc3 56. Bd2 Ne4 57. Be3 Nd6 58. Bd2 Nf5+ 59. Kh3 f6
60. gxf6 Kxf6 61. Kg2 Ke5 62. Kf3 Kd4 63. Kf4 Ne7 64. Kg5 Nd5 65. Kxh5 Kd3 66.
Be1 Kc4 67. Kg5 Nxb4 68. Kf5 a5 69. Ke4 a4 0-1

[Event "43. Olimpiada Batumi 2018 Femenina"]
[Site "Batumi GEO"]
[Date "2018.09.24"]
[Round "1.1"]
[White "Aseel, Odeh"]
[Black "Mamedjarova, Zeinab"]
[Result "0-1"]
[WhiteElo "1647"]
[BlackElo "2358"]
[PlyCount "104"]
[EventDate "2018.09.24"]
[EventType "team-swiss"]
[EventRounds "11"]
[EventCountry "GEO"]
[SourceTitle "Ajedrez en Madrid"]
[Source "lmi"]
[SourceDate "2018.09.24"]
[WhiteTeam "Jordan"]
[BlackTeam "Azerbaijan"]
[WhiteTeamCountry "JOR"]
[BlackTeamCountry "AZE"]

1. d4 d5 2. Nf3 Nf6 3. c3 c5 4. Bf4 Nc6 5. e3 e6 6. Bd3 Bd6 7. Bxd6 Qxd6 8.
Nbd2 O-O 9. O-O Re8 10. Rc1 e5 11. dxe5 Nxe5 12. Be2 Bf5 13. Nxe5 Qxe5 14. Nf3
Qc7 15. Re1 Rad8 16. Qa4 a6 17. Rcd1 Re6 18. h3 Ne4 19. Bd3 Rf6 20. Bxe4 Bxe4
21. Ng5 b5 22. Qb3 c4 23. Qb4 Bxg2 24. Kxg2 Rg6 25. Rg1 Rxg5+ 26. Kh1 Rf5 27.
f4 h6 28. Rg3 Kh7 29. a4 bxa4 30. Qxa4 Qb7 31. Qc2 d4+ 32. Qg2 Qxg2+ 33. Rxg2
d3 34. Rgd2 Re8 35. Re1 Rxf4 36. exf4 Rxe1+ 37. Kg2 Rc1 38. Kf3 Rc2 39. Ke3
Rxd2 40. Kxd2 Kg6 41. b4 cxb3 42. Kxd3 Kf5 43. c4 Kxf4 44. c5 Ke5 45. Kc3 Kd5
46. Kxb3 Kxc5 47. Ka4 f5 48. h4 f4 49. h5 f3 50. Ka5 f2 51. Kxa6 f1=Q+ 52. Ka5
Qa1# 0-1

[Event "43. Olimpiada Batumi 2018 Femenina"]
[Site "Batumi GEO"]
[Date "2018.09.24"]
[Round "1.2"]
[White "Balajayeva, Khanim"]
[Black "Raya, Alnaimat"]
[Result "1-0"]
[WhiteElo "2326"]
[BlackElo "1676"]
[PlyCount "95"]
[EventDate "2018.09.24"]
[EventType "team-swiss"]
[EventRounds "11"]
[EventCountry "GEO"]
[SourceTitle "Ajedrez en Madrid"]
[Source "lmi"]
[SourceDate "2018.09.24"]
[WhiteTeam "Azerbaijan"]
[BlackTeam "Jordan"]
[WhiteTeamCountry "AZE"]
[BlackTeamCountry "JOR"]

1. e4 d6 2. d4 g6 3. Nc3 Bg7 4. g3 Nf6 5. Bg2 O-O 6. Nge2 Nc6 7. O-O e5 8. dxe5
dxe5 9. Qxd8 Rxd8 10. Bg5 Nb4 11. a3 Nxc2 12. Rac1 Nd4 13. Nxd4 Rxd4 14. Nb5
Ra4 15. b3 Ra5 16. a4 Rxb5 17. axb5 Bd7 18. Rxc7 Bxb5 19. Re1 Bc6 20. Bxf6 Bxf6
21. Bh3 Bd8 22. Rc8 Rxc8 23. Bxc8 Ba5 24. Re2 Bb6 25. Kg2 f5 26. f3 fxe4 27.
Be6+ Kf8 28. fxe4 Ke7 29. Bc4 Bc5 30. Kf3 a5 31. Ra2 Bb4 32. g4 Bd7 33. g5 Be6
34. Bd5 b6 35. Rc2 Bc5 36. h4 Kd6 37. Bxe6 Kxe6 38. h5 Kf7 39. Kg4 Kg7 40. Rh2
Bg1 41. Rh1 Bd4 42. Rf1 Be3 43. Rf3 gxh5+ 44. Kxh5 Bd4 45. Rf6 Bc5 46. Re6 Bd4
47. Re7+ Kg8 48. Kh6 1-0